[Event "Bluenose op"]
[Site "Halifax CAN"]
[Date "2020.02.23"]
[Round "4"]
[White "Poirier, David"]
[Black "Ramirez-Orta, Juan"]
[Result "0-1"]
[WhiteElo "1811"]
[BlackElo "1561"]
[PlyCount "78"]
[EventDate "2020.02.21"]
[EventType "swiss"]
[EventRounds "5"]
[EventCountry "CAN"]

1. d4 Nf6 2. Bf4 e6 3. e3 c5 4. c3 b6 5. Be2 Be7 6. Nd2 O-O 7. h3 Ba6 8. Ngf3
Bxe2 9. Qxe2 d5 10. O-O Qd7 11. Rfe1 Nc6 12. Rad1 cxd4 13. exd4 Qb7 14. Ne5
Rfc8 15. Qf3 b5 16. Nb3 a5 17. Nd3 Nd7 18. Ne5 a4 19. Na1 Ncxe5 20. Bxe5 b4 21.
cxb4 Qxb4 22. b3 Qa3 23. Qe2 axb3 24. axb3 Bb4 25. Nc2 Qxb3 26. Nxb4 Qxb4 27.
Rb1 Qc4 28. Qe3 Ra2 29. Rb7 Nxe5 30. Qxe5 Qc2 31. Qf4 Qg6 32. Reb1 h6 33. Rb8
Ra8 34. Rxc8+ Rxc8 35. Rb3 Qg5 36. Qd6 Qd2 37. Rb7 Qxd4 38. Qd7 Rc1+ 39. Kh2
Qf4+ 0-1

[Event "Bluenose op"]
[Site "Halifax CAN"]
[Date "2020.02.23"]
[Round "4"]
[White "Zhang, Brian"]
[Black "Gillis, Donald"]
[Result "1/2-1/2"]
[WhiteElo "1574"]
[BlackElo "1803"]
[PlyCount "76"]
[EventDate "2020.02.21"]
[EventType "swiss"]
[EventRounds "5"]
[EventCountry "CAN"]
[TimeControl "2"]

1. e4 e5 2. Nf3 f5 3. d4 fxe4 4. Nxe5 Nf6 5. Be2 g6 6. O-O d6 7. Nc4 d5 8. Ne3
Bd6 9. c4 c6 10. Nc3 Be6 11. Qb3 Qd7 12. cxd5 cxd5 13. Nexd5 Bxd5 14. Nxd5 Nxd5
15. Bc4 Nb6 16. Bb5 Nc6 17. d5 Nxd5 18. Rd1 Nc7 19. Bf4 Nxb5 20. Qxb5 O-O-O 21.
Rxd6 Qe8 22. Rad1 Rxd6 23. Rxd6 Rf8 24. Bg3 e3 25. Rd1 Rf5 26. Qc4 exf2+ 27.
Bxf2 Qf7 28. Qxf7 Rxf7 29. Kf1 a6 30. Ke2 h5 31. Be3 Kc7 32. b3 Re7 33. Rd5 Nb4
34. Rd2 Kc6 35. Kf3 Rf7+ 36. Ke2 Re7 37. Kf3 Rf7+ 38. Ke2 Re7 {
3-fold repetition} 1/2-1/2

[Event "Bluenose op"]
[Site "Halifax CAN"]
[Date "2020.02.23"]
[Round "5"]
[White "Balakrishnan, Shreyas"]
[Black "Gandhi, Veer"]
[Result "0-1"]
[WhiteElo "881"]
[BlackElo "1344"]
[PlyCount "128"]
[EventDate "2020.02.21"]
[EventType "swiss"]
[EventRounds "5"]
[EventCountry "CAN"]
[TimeControl "2"]

1. d4 f5 2. e4 fxe4 3. Bc4 Nf6 4. Nc3 e6 5. Bg5 b6 6. d5 h6 7. Bf4 g5 8. Be5 d6
9. Bxf6 Qxf6 10. Qh5+ Qf7 11. Qxf7+ Kxf7 12. dxe6+ Bxe6 13. Bxe6+ Kxe6 14. Nxe4
Bg7 15. O-O-O Nc6 16. Nf3 Rae8 17. Rde1 Kd7 18. h4 g4 19. Nh2 Ne5 20. f4 gxf3
21. Nxf3 Nxf3 22. gxf3 h5 23. Rhg1 Bh6+ 24. Kb1 Kc6 25. Rd1 Ref8 26. Rdf1 Rf4
27. Rh1 Rhf8 28. Rh3 Rxe4 29. Rg1 Ref4 30. Rf1 Bg7 31. Kc1 Bf6 32. Rh2 Rxh4 33.
Rxh4 Bxh4 34. Rh1 Bg5+ 35. Kd1 h4 36. Ke2 Rh8 37. Rh3 Bf4 38. Kd3 Bg3 39. Ke4
Rf8 40. Rh1 d5+ 41. Ke3 Kd6 42. Rg1 Re8+ 43. Kd3 Re1 44. Rg2 h3 45. Rxg3 h2 46.
Rg6+ Kc5 47. b4+ Kb5 48. Rh6 h1=Q 49. Rxh1 Rxh1 50. c3 Re1 51. Kd2 Re8 52. Kd3
a5 53. Kd4 c6 54. a3 axb4 55. axb4 Re6 56. Kd3 c5 57. f4 cxb4 58. Kd4 bxc3 59.
Kxc3 Kc5 60. Kd3 Re4 61. Kc3 Rxf4 62. Kb3 Rf3+ 63. Ka4 b5+ 64. Ka5 Ra3# 0-1

[Event "Bluenose op"]
[Site "Halifax CAN"]
[Date "2020.02.23"]
[Round "5"]
[White "Cashin, Ken"]
[Black "Van de Moortele, Greg"]
[Result "1-0"]
[WhiteElo "1682"]
[BlackElo "1528"]
[PlyCount "59"]
[EventDate "2020.02.21"]
[EventType "swiss"]
[EventRounds "5"]
[EventCountry "CAN"]

1. e4 e5 2. Nf3 d6 3. d4 exd4 4. Nxd4 Nf6 5. Nc3 Be7 6. Bc4 O-O 7. Bb3 Bd7 8.
O-O Nc6 9. h3 Na5 10. Qe2 Nxb3 11. axb3 Re8 12. f4 c5 13. Nf3 Bc6 14. e5 dxe5
15. fxe5 Nd7 16. e6 fxe6 17. Qxe6+ Kh8 18. Bf4 c4 19. Kh1 cxb3 20. Qxb3 Nf6 21.
Rad1 Qc8 22. Rde1 Nh5 23. Bh2 Nf6 24. Qf7 Bc5 25. Ng5 Rf8 26. Qc4 h6 27. Nf7+
Kh7 28. Qd3+ Be4 29. Nxe4 Rxf7 30. Nxf6+ 1-0

[Event "Bluenose op"]
[Site "Halifax CAN"]
[Date "2020.02.23"]
[Round "5"]
[White "Ferreira, Paulo"]
[Black "Nakayasu, Rikuto"]
[Result "1/2-1/2"]
[WhiteElo "1813"]
[BlackElo "500"]
[PlyCount "42"]
[EventDate "2020.02.21"]
[EventType "swiss"]
[EventRounds "5"]
[EventCountry "CAN"]
[TimeControl "2"]

1. Nc3 d5 2. d4 Nf6 3. Bf4 c6 4. e3 Bf5 5. f3 e6 6. g4 Bg6 7. h4 h5 8. g5 Nfd7
9. Bd3 f5 10. gxf6 Qxf6 11. Qd2 b5 12. a3 a5 13. Qg2 Bxd3 14. cxd3 e5 15. dxe5
Nxe5 16. Bxe5 Qxe5 17. Qg6+ Ke7 18. Kd2 Qf6 19. Qg3 Qd6 20. Qg5+ Qf6 21. Qg3
Qd6 {User Adjudication} 1/2-1/2

[Event "Bluenose op"]
[Site "Halifax CAN"]
[Date "2020.02.23"]
[Round "5"]
[White "Gillis, Donald"]
[Black "Al-Gashm, Wael"]
[Result "1-0"]
[WhiteElo "1803"]
[BlackElo "1299"]
[PlyCount "67"]
[EventDate "2020.02.21"]
[EventType "swiss"]
[EventRounds "5"]
[EventCountry "CAN"]

1. b3 d5 2. Bb2 c5 3. e3 Nc6 4. Bb5 Nf6 5. Nf3 Bf5 6. Ne5 Rc8 7. Bxc6+ bxc6 8.
g4 Bg6 9. h4 d4 10. Nxg6 fxg6 11. Qf3 e5 12. e4 Be7 13. g5 Nh5 14. Na3 Nf4 15.
O-O-O O-O 16. Qg4 d3 17. c4 Qd6 18. Rh2 Rce8 19. Rdh1 Nh5 20. Re1 Rf4 21. Qh3
Ref8 22. Re3 Rxf2 23. Rxf2 Rxf2 24. Rxd3 Qb8 25. Qe6+ Kf8 26. Rd7 Qe8 27. Bxe5
Qf7 28. Rxe7 Qxe6 29. Rxe6 Nf4 30. Bd6+ Kg8 31. Re8+ Kf7 32. Rf8+ Ke6 33. Rxf4
Rxf4 34. Bxf4 1-0

[Event "Bluenose op"]
[Site "Halifax CAN"]
[Date "2020.02.23"]
[Round "5"]
[White "Gonzalez-Cueto, Jose"]
[Black "Kapra, Jerjis"]
[Result "1-0"]
[WhiteElo "2057"]
[BlackElo "1939"]
[PlyCount "103"]
[EventDate "2020.02.21"]
[EventType "swiss"]
[EventRounds "5"]
[EventCountry "CAN"]

1. d4 Nf6 2. Nf3 b6 3. e3 Bb7 4. Bd3 c5 5. Nbd2 g6 6. O-O Bg7 7. c3 d5 8. Ne5
O-O 9. f4 Nbd7 10. Qf3 e6 11. Qh3 Ne4 12. Ndf3 Qe7 13. a4 f6 14. Nxd7 Qxd7 15.
c4 f5 16. b3 cxd4 17. exd4 dxc4 18. Bxc4 Bxd4+ 19. Nxd4 Qxd4+ 20. Be3 Qf6 21.
Rad1 Rfd8 22. Bc1 Nd6 23. Be2 Bd5 24. Rd2 Ne4 25. Bb2 Qe7 26. Rc2 Rac8 27. Rfc1
Bb7 28. Bc4 h5 29. Qe3 Kh7 30. h3 Qc5 31. Qxc5 Nxc5 32. Bf6 Rf8 33. Bd4 Rf7 34.
Be5 Re7 35. Be2 Ree8 36. Bb5 Red8 37. Bc4 a5 38. Bf6 Rf8 39. Bh4 Kg7 40. Rd1
Rf7 41. Rcd2 Rcc7 42. Bd8 Rc6 43. Bb5 Rc8 44. Bxb6 Nxb3 45. Rd3 Bd5 46. Rb1 Re7
47. Rdxb3 Bxb3 48. Rxb3 Rc1+ 49. Kh2 h4 50. Bxa5 Ra7 51. Bb6 Rb7 52. a5 1-0

[Event "Bluenose op"]
[Site "Halifax CAN"]
[Date "2020.02.23"]
[Round "5"]
[White "MacLean, John"]
[Black "Penney, Mark"]
[Result "0-1"]
[WhiteElo "1172"]
[BlackElo "1479"]
[PlyCount "42"]
[EventDate "2020.02.21"]
[EventType "swiss"]
[EventRounds "5"]
[EventCountry "CAN"]
[TimeControl "2"]

1. d4 Nf6 2. Nf3 d5 3. e3 c5 4. g3 Nc6 5. Bg2 Bg4 6. O-O e5 7. h3 Bh5 8. g4
Nxg4 9. hxg4 Bxg4 10. Qd2 e4 11. Ne5 Bd6 12. Nxg4 Qh4 13. Ne5 f6 14. f4 fxe5
15. fxe5 Nxe5 16. Qf2 Nf3+ 17. Bxf3 Bg3 18. Qg2 Ke7 19. Be2 Rhf8 20. Qh1 Bf2+
21. Kg2 Qg3# 0-1

[Event "Bluenose op"]
[Site "Halifax CAN"]
[Date "2020.02.23"]
[Round "5"]
[White "Maxwell, Jonathan"]
[Black "Dorrance, Adam"]
[Result "0-1"]
[WhiteElo "1869"]
[BlackElo "2342"]
[PlyCount "88"]
[EventDate "2020.02.21"]
[EventType "swiss"]
[EventRounds "5"]
[EventCountry "CAN"]

1. d4 Nf6 2. c4 e5 3. dxe5 Ng4 4. Bf4 Nc6 5. Nf3 Bb4+ 6. Nc3 Bxc3+ 7. bxc3 Qe7
8. Qd5 f6 9. exf6 Nxf6 10. Qd2 d6 11. e3 Bf5 12. Bd3 Be4 13. Bxe4 Nxe4 14. Qc2
O-O 15. O-O Rae8 16. Nd4 Na5 17. f3 Nc5 18. Nf5 Qe6 19. e4 Nxc4 20. Rad1 b5 21.
Qf2 Qf6 22. Qg3 Kh8 23. Rd5 Ne6 24. Bc1 a6 25. Nd4 Nxd4 26. cxd4 Rxe4 27. Rh5
Qxd4+ 28. Kh1 Re6 29. Qh3 Qd3 30. Rxh7+ Qxh7 31. Qxe6 Qf5 32. Qe7 Qf7 33. Qh4+
Kg8 34. Bg5 Re8 35. h3 Re2 36. a4 Qf5 37. axb5 axb5 38. Ra1 Re8 39. Ra7 Qc5 40.
Ra2 b4 41. Qh5 Qe5 42. Ra7 Ne3 43. Rxc7 Qa1+ 44. Kh2 Nf1+ 0-1

[Event "Bluenose op"]
[Site "Halifax CAN"]
[Date "2020.02.23"]
[Round "5"]
[White "Poirier, David"]
[Black "Anderson, Ian"]
[Result "1-0"]
[WhiteElo "1811"]
[BlackElo "1587"]
[PlyCount "93"]
[EventDate "2020.02.21"]
[EventType "swiss"]
[EventRounds "5"]
[EventCountry "CAN"]

1. d4 Nf6 2. Bf4 e6 3. e3 b6 4. Be2 Bb7 5. Bf3 Qc8 6. Nd2 Be7 7. h3 d6 8. c3
Nbd7 9. Bxb7 Qxb7 10. Qf3 Qxf3 11. Ngxf3 Nd5 12. Bh2 c5 13. Nc4 N7f6 14. Nxd6+
Bxd6 15. Bxd6 Ne4 16. Bh2 O-O 17. Nd2 Nxd2 18. Kxd2 Rfd8 19. Rhe1 f5 20. Be5
Nf6 21. Bxf6 gxf6 22. Ke2 Rac8 23. Rad1 cxd4 24. Rxd4 Rxd4 25. exd4 Kf7 26. Kf3
a5 27. Re2 Rc4 28. Ke3 b5 29. Kd3 a4 30. b3 axb3 31. axb3 Rc7 32. Ra2 Rd7 33.
c4 bxc4+ 34. bxc4 Ke7 35. Kc3 h5 36. Ra8 e5 37. d5 Kf7 38. Ra2 f4 39. Kb4 Kg6
40. Kc5 Rc7+ 41. Kb5 Kf5 42. c5 e4 43. d6 Rc8 44. d7 Rg8 45. c6 Ke6 46. Kb6 Ke7
47. Kc7 1-0

[Event "Bluenose op"]
[Site "Halifax CAN"]
[Date "2020.02.23"]
[Round "5"]
[White "Ramirez-Orta, Juan"]
[Black "Mallais, Daniel"]
[Result "1-0"]
[WhiteElo "1561"]
[BlackElo "1928"]
[PlyCount "61"]
[EventDate "2020.02.21"]
[EventType "swiss"]
[EventRounds "5"]
[EventCountry "CAN"]

1. e4 d6 2. d4 Nf6 3. Bd3 Nbd7 4. f3 e5 5. d5 c6 6. c4 Nc5 7. Be3 Nxd3+ 8. Qxd3
Be7 9. Ne2 Qc7 10. Nbc3 Bd7 11. O-O O-O 12. b4 Ne8 13. Rfd1 f5 14. Rac1 f4 15.
Bf2 g5 16. c5 Rf6 17. dxc6 bxc6 18. Nd5 cxd5 19. Qxd5+ Kf8 20. cxd6 Rxd6 21.
Qxa8 Rxd1+ 22. Rxd1 Qc2 23. Qd5 Ba4 24. Re1 Bxb4 25. Kf1 Bxe1 26. Bc5+ Kg7 27.
Qxe5+ Nf6 28. Kxe1 Bb5 29. Bf8+ Kf7 30. Qe7+ Kg6 31. Qg7+ 1-0

[Event "Bluenose op"]
[Site "Halifax CAN"]
[Date "2020.02.23"]
[Round "5"]
[White "Saunders, Stephen"]
[Black "Zhang, Brian"]
[Result "1/2-1/2"]
[WhiteElo "1884"]
[BlackElo "1574"]
[PlyCount "51"]
[EventDate "2020.02.21"]
[EventType "swiss"]
[EventRounds "5"]
[EventCountry "CAN"]
[TimeControl "2"]

1. d4 Nf6 2. c4 g6 3. Nc3 Bg7 4. e4 d6 5. f3 O-O 6. Bg5 h6 7. Be3 e5 8. d5 Nbd7
9. Nh3 Qe7 10. Nf2 Kh7 11. Be2 Ne8 12. g4 f5 13. gxf5 gxf5 14. exf5 Nc5 15.
Bxc5 dxc5 16. Qc2 Bxf5 17. Nce4 Kh8 18. O-O-O a6 19. Bd3 Bxe4 20. Nxe4 b6 21.
Qg2 Qf7 22. Rhf1 Nd6 23. Nxd6 cxd6 24. Qg6 Qxg6 25. Bxg6 Bf6 26. Be4 {
User Adjudication} 1/2-1/2

[Event "British Columbia-ch Active (online)"]
[Site "chess.com"]
[Date "2020.08.15"]
[Round "1.1"]
[White "Roberts, Paul"]
[Black "Jiang, Ethan"]
[Result "1-0"]
[WhiteElo "2192"]
[BlackElo "1156"]
[PlyCount "83"]
[EventDate "2020.08.15"]
[EventType "swiss (rapid)"]
[EventRounds "8"]
[EventCountry "CAN"]

1. g3 d5 2. Bg2 e5 3. d3 Nf6 4. a3 Nc6 5. b4 Bd6 6. Bb2 O-O 7. c4 d4 8. Nf3
Nxb4 9. axb4 Bxb4+ 10. Nbd2 Re8 11. O-O c5 12. Ba3 Bc3 13. Rb1 Qc7 14. Ng5 Bxd2
15. Qxd2 Rb8 16. Ne4 Nxe4 17. Bxe4 b6 18. Bc1 h6 19. f4 Kh8 20. f5 Bb7 21. Qc2
Bxe4 22. dxe4 f6 23. g4 Rbd8 24. Rb3 Kg8 25. h4 Kf7 26. Bd2 Ke7 27. Kf2 Rg8 28.
Rg1 g5 29. fxg6 Rxg6 30. h5 Rgg8 31. Bxh6 Rh8 32. Bg7 Rh7 33. h6 Rg8 34. Rf3
Rgxg7 35. hxg7 Rxg7 36. Rf5 Qd7 37. Qa2 Kd6 38. Kf3 Kc7 39. Qxa7+ Kc6 40. Rxf6+
Qd6 41. Rxd6+ Kxd6 42. Qxg7 1-0

[Event "British Columbia-ch Active (online)"]
[Site "chess.com"]
[Date "2020.08.15"]
[Round "1.2"]
[White "Ratti, Uditi"]
[Black "Huang, Patrick"]
[Result "0-1"]
[WhiteElo "1127"]
[BlackElo "2147"]
[PlyCount "64"]
[EventDate "2020.08.15"]
[EventType "swiss (rapid)"]
[EventRounds "8"]
[EventCountry "CAN"]

1. d4 Nf6 2. Qd3 d6 3. Nf3 g6 4. Nc3 Bg7 5. Bg5 O-O 6. e4 h6 7. Bxf6 Bxf6 8.
Qd2 Bg7 9. h4 a6 10. Be2 b5 11. a4 b4 12. Nd1 c5 13. dxc5 dxc5 14. Qxd8 Rxd8
15. h5 g5 16. Nd2 Nc6 17. f3 Nd4 18. Ne3 Be5 19. O-O Nxe2+ 20. Kh1 Rxd2 21.
Rad1 Ng3+ 22. Kg1 Nxf1 23. Rxf1 Bd4 24. Re1 Be6 25. Kf1 Bxe3 26. Rxe3 Bc4+ 27.
Ke1 Rad8 28. b3 Rd1+ 29. Kf2 R8d2+ 30. Kg3 Rg1 31. Kg4 Be6+ 32. Kg3 Rdxg2# 0-1

[Event "British Columbia-ch Active (online)"]
[Site "chess.com"]
[Date "2020.08.15"]
[Round "1.3"]
[White "Hemstapat, Andrew"]
[Black "Bedward, Raemur"]
[Result "1-0"]
[WhiteElo "2145"]
[BlackElo "1125"]
[PlyCount "57"]
[EventDate "2020.08.15"]
[EventType "swiss (rapid)"]
[EventRounds "8"]
[EventCountry "CAN"]

1. e4 e5 2. Nf3 Nc6 3. d4 exd4 4. Bc4 h6 5. O-O d6 6. Nxd4 Bd7 7. Nc3 Nf6 8.
Nxc6 Bxc6 9. Qd3 Qd7 10. b4 b6 11. b5 Bb7 12. a4 Be7 13. Rd1 O-O 14. e5 Ng4 15.
e6 Qd8 16. exf7+ Kh8 17. Qh3 Bf6 18. Qxg4 Bxc3 19. Ra3 Qf6 20. Bg5 Qxg5 21.
Qxg5 hxg5 22. Rxc3 g6 23. Be6 Bc8 24. Bd5 Rb8 25. Rxc7 Bf5 26. c4 Kg7 27. Rxa7
Kf6 28. Re1 Bd3 29. Rd7 {Time.} 1-0

[Event "British Columbia-ch Active (online)"]
[Site "chess.com"]
[Date "2020.08.15"]
[Round "1.4"]
[White "Smith, Simon J."]
[Black "Williamson, Jason"]
[Result "0-1"]
[WhiteElo "1118"]
[BlackElo "2028"]
[PlyCount "70"]
[EventDate "2020.08.15"]
[EventType "swiss (rapid)"]
[EventRounds "8"]
[EventCountry "CAN"]

1. e4 c5 2. Nf3 Nc6 3. Bb5 g6 4. c3 Bg7 5. d3 Nf6 6. Bg5 O-O 7. Nbd2 a6 8. Ba4
b5 9. Bb3 d6 10. O-O Bb7 11. Rc1 h6 12. Be3 Ng4 13. Nh4 Nxe3 14. fxe3 e6 15.
Qg4 Ne5 16. Qg3 Qg5 17. Rcd1 Qxg3 18. hxg3 Nxd3 19. Ndf3 Bxe4 20. Rd2 g5 21.
Bc2 c4 22. Nd4 gxh4 23. Rf4 d5 24. Rxh4 Bxd4 25. exd4 Kh7 26. g4 Rg8 27. Rd1
Rg5 28. Rf1 f5 29. Bd1 Rag8 30. Bf3 Bxf3 31. gxf3 fxg4 32. f4 Rf5 33. Kh2 Rxf4
34. Rg1 g3+ 35. Rxg3 Rxh4+ 0-1

[Event "British Columbia-ch Active (online)"]
[Site "chess.com"]
[Date "2020.08.15"]
[Round "1.5"]
[White "Lucki, Arnie"]
[Black "Hao, Jackie"]
[Result "0-1"]
[WhiteElo "1907"]
[BlackElo "1112"]
[PlyCount "66"]
[EventDate "2020.08.15"]
[EventType "swiss (rapid)"]
[EventRounds "8"]
[EventCountry "CAN"]

1. d4 Nf6 2. Nf3 c5 3. dxc5 e6 4. Nc3 Bxc5 5. g3 Nc6 6. Bg2 d5 7. O-O O-O 8.
Bg5 h6 9. Bxf6 Qxf6 10. e4 Rd8 11. Qe2 d4 12. e5 Qf5 13. Ne4 Be7 14. c3 d3 15.
Qe3 Nxe5 16. Nd4 Qg6 17. Rad1 Nc4 18. Qc1 Bd7 19. b3 Ba3 20. Qb1 Nb2 21. Rd2 e5
22. Rxb2 Bxb2 23. Qxb2 exd4 24. cxd4 Bc6 25. f3 Rac8 26. Rd1 Bxe4 27. fxe4 Rc2
28. Qa3 Rxg2+ 29. Kxg2 Qxe4+ 30. Kg1 Qxd4+ 31. Kg2 Qe4+ 32. Kg1 Qe2 33. Rf1 d2
0-1

[Event "British Columbia-ch Active (online)"]
[Site "chess.com"]
[Date "2020.08.15"]
[Round "1.6"]
[White "Xing, Percy"]
[Black "Tang, Edward"]
[Result "0-1"]
[WhiteElo "1105"]
[BlackElo "1904"]
[PlyCount "142"]
[EventDate "2020.08.15"]
[EventType "swiss (rapid)"]
[EventRounds "8"]
[EventCountry "CAN"]

1. d4 d5 2. c4 e6 3. Nc3 c5 4. Nf3 Nc6 5. Bf4 a6 6. e3 Nf6 7. Bd3 cxd4 8. exd4
dxc4 9. Bxc4 Be7 10. O-O O-O 11. Re1 b5 12. Bb3 Nb4 13. a3 Nbd5 14. Nxd5 Nxd5
15. Bxd5 Qxd5 16. Rc1 Bb7 17. Re5 Qd8 18. Qd3 Bf6 19. Rh5 g6 20. Rhc5 Bxf3 21.
Qxf3 Qxd4 22. R5c2 Qd5 23. Qxd5 exd5 24. Rd1 Rfd8 25. Rcd2 d4 26. Bc7 Rd7 27.
Bb6 Rb8 28. Bxd4 Rbd8 29. Bc3 Rxd2 30. Rxd2 Rxd2 31. Bxd2 Bxb2 32. Bb4 f5 33.
Kf1 Kf7 34. Ke2 Ke6 35. Kd3 Kd5 36. f3 Be5 37. g3 Bd6 38. Bxd6 Kxd6 39. Kd4 a5
40. f4 h6 41. h4 h5 42. Kc3 Kc5 43. Kd3 b4 44. axb4+ Kxb4 45. Kc2 Kc4 46. Kb2
Kd3 47. Ka3 Ke3 48. Ka4 Kf3 49. Kxa5 Kxg3 50. Kb5 Kxf4 51. Kc5 Kg4 52. Kd4 Kxh4
53. Ke3 Kg3 54. Ke2 h4 55. Kf1 h3 56. Kg1 h2+ 57. Kh1 Kf2 58. Kxh2 f4 59. Kh1
f3 60. Kh2 Ke2 61. Kg1 f2+ 62. Kg2 f1=Q+ 63. Kg3 Qf3+ 64. Kh4 g5+ 65. Kxg5 Ke3
66. Kg6 Ke4 67. Kg5 Qf5+ 68. Kh6 Qg4 69. Kh7 Kf5 70. Kh8 Kf6 71. Kh7 Qg7# 0-1

[Event "British Columbia-ch Active (online)"]
[Site "chess.com"]
[Date "2020.08.15"]
[Round "1.7"]
[White "Taylor, Tristan"]
[Black "Zhao, Andy"]
[Result "1-0"]
[WhiteElo "1871"]
[BlackElo "1102"]
[PlyCount "79"]
[EventDate "2020.08.15"]
[EventType "swiss (rapid)"]
[EventRounds "8"]
[EventCountry "CAN"]

1. e4 c5 2. Nf3 e6 3. g3 Nc6 4. Bg2 Nf6 5. Nc3 d5 6. exd5 Nxd5 7. Nxd5 exd5 8.
d4 Be6 9. O-O Be7 10. dxc5 Bxc5 11. Ng5 O-O 12. Kh1 Qd7 13. f4 h6 14. Nxe6 fxe6
15. Re1 Rae8 16. Be3 b6 17. Bxc5 bxc5 18. c3 Qb7 19. Qc2 c4 20. Rad1 Nb8 21. f5
Rxf5 22. Rxe6 Ref8 23. Re2 Qb5 24. Qd2 Rd8 25. Qe3 Rf6 26. Qe7 Nc6 27. Qe3 Rfd6
28. Qf3 Rf8 29. Qh5 Rfd8 30. Red2 Ne7 31. Qe2 Nf5 32. Bxd5+ Rxd5 33. Qe6+ Kh8
34. Rxd5 Rxd5 35. Rxd5 Nxg3+ 36. hxg3 Qb8 37. Qd6 Qxb2 38. Qf8+ Kh7 39. Qf5+ g6
40. Qf7+ 1-0

[Event "British Columbia-ch Active (online)"]
[Site "chess.com"]
[Date "2020.08.15"]
[Round "1.9"]
[White "Leblanc, Paul"]
[Black "Zhou, Leonardo"]
[Result "1-0"]
[WhiteElo "1765"]
[BlackElo "1062"]
[PlyCount "103"]
[EventDate "2020.08.15"]
[EventType "swiss (rapid)"]
[EventRounds "8"]
[EventCountry "CAN"]

1. d4 d5 2. c4 e6 3. Nf3 Nf6 4. Nc3 Nc6 5. Bg5 Be7 6. e3 h6 7. Bh4 Bd7 8. Bd3
a6 9. O-O O-O 10. Ne5 Rb8 11. Rc1 Nxe5 12. dxe5 Ne4 13. Bxe7 Qxe7 14. Nxe4 dxe4
15. Bxe4 f5 16. exf6 Rxf6 17. Qe2 Qb4 18. Rfd1 Be8 19. Rd3 b5 20. b3 Rc8 21.
Qd1 Qf8 22. Rd2 bxc4 23. Rxc4 Bb5 24. Rcd4 c5 25. Rd8 Rxd8 26. Rxd8 Be8 27. Bc6
Kh7 28. Rxe8 Qf7 29. Be4+ g6 30. Rd8 Rxf2 31. Bf3 Rxf3 32. Qxf3 Qxf3 33. gxf3
Kg7 34. Rc8 Kf6 35. Rxc5 h5 36. Kf2 g5 37. Rc6 a5 38. Ra6 Kf5 39. Rxa5+ e5 40.
Rc5 h4 41. a4 g4 42. fxg4+ Kxg4 43. Rxe5 h3 44. Re8 Kh4 45. a5 Kg4 46. a6 Kf5
47. a7 Kg4 48. a8=Q Kh5 49. Qd5+ Kg6 50. Re6+ Kf7 51. Qd7+ Kf8 52. Re8# 1-0

[Event "British Columbia-ch Active (online)"]
[Site "chess.com"]
[Date "2020.08.15"]
[Round "1.10"]
[White "Leong, Aiden"]
[Black "Jose, Marionito"]
[Result "1-0"]
[WhiteElo "1055"]
[BlackElo "1757"]
[PlyCount "95"]
[EventDate "2020.08.15"]
[EventType "swiss (rapid)"]
[EventRounds "8"]
[EventCountry "CAN"]

1. c4 Nf6 2. Nc3 g6 3. g3 Bg7 4. Bg2 c6 5. e3 e6 6. Nge2 d5 7. cxd5 cxd5 8. O-O
O-O 9. b3 Nc6 10. Ba3 Re8 11. Nb5 Bf8 12. Bb2 Bg7 13. Ba3 Bf8 14. Bxf8 Rxf8 15.
Nbd4 e5 16. Nxc6 bxc6 17. Rc1 Qd6 18. Qc2 Bd7 19. d4 e4 20. Nf4 Rfe8 21. Qc5
Qxc5 22. Rxc5 g5 23. Ne2 g4 24. Nf4 Kg7 25. Rfc1 Rec8 26. b4 a6 27. Bf1 Ne8 28.
Ra5 Nd6 29. Rxa6 Rxa6 30. Bxa6 Ra8 31. Bf1 Rxa2 32. Rb1 Kf8 33. b5 cxb5 34.
Nxd5 Nc4 35. Bxc4 bxc4 36. Nb6 Be6 37. d5 Bf5 38. Nxc4 Rc2 39. Ne5 Rd2 40. Rb7
f6 41. Rf7+ Ke8 42. Rxf6 Bc8 43. d6 h5 44. d7+ Bxd7 45. Nxd7 Kxd7 46. Rf5 Rd6
47. Rxh5 Rg6 48. Re5 {Time.} 1-0

[Event "British Columbia-ch Active (online)"]
[Site "chess.com"]
[Date "2020.08.15"]
[Round "2.1"]
[White "Ingram, Richard"]
[Black "Roberts, Paul"]
[Result "0-1"]
[WhiteElo "1532"]
[BlackElo "2192"]
[PlyCount "118"]
[EventDate "2020.08.15"]
[EventType "swiss (rapid)"]
[EventRounds "8"]
[EventCountry "CAN"]

1. e4 g6 2. d4 Bg7 3. Nf3 d6 4. Be2 a6 5. Nc3 e6 6. Bg5 Ne7 7. Qd2 h6 8. Be3
Nd7 9. O-O b6 10. Rad1 Bb7 11. Rfe1 Kf8 12. a4 Kg8 13. Bf1 g5 14. h3 Ng6 15. g3
Qe7 16. Bg2 Rd8 17. b3 Kh7 18. d5 Nde5 19. Nd4 Nd7 20. Kh2 Bxd4 21. Bxd4 e5 22.
Be3 Bc8 23. f4 gxf4 24. gxf4 exf4 25. Bxf4 Nxf4 26. Qxf4 Qe5 27. Rf1 Rdf8 28.
Ne2 Rhg8 29. Ng3 Qxf4 30. Rxf4 Rg5 31. Rg1 Ne5 32. Nf5 Bxf5 33. Rxf5 Rfg8 34.
Rxg5 Rxg5 35. Rf1 Kg7 36. Rf2 a5 37. Kg1 Nd7 38. Kf1 Rg3 39. Rf3 Rxf3+ 40. Bxf3
Kf6 41. Ke2 Nc5 42. Ke3 Ke5 43. Bg2 Na6 44. Bf1 Nc5 45. Bg2 Nd7 46. Bf3 Nf6 47.
h4 Nh7 48. Bg2 Nf8 49. Bf3 Ng6 50. h5 Ne7 51. Be2 f5 52. c4 fxe4 53. Bf1 Nf5+
54. Kd2 Kd4 55. Bh3 Ng3 56. Bg4 e3+ 57. Ke1 Kc3 58. Bd1 Kb2 59. Be2 Kxb3 0-1

[Event "British Columbia-ch Active (online)"]
[Site "chess.com"]
[Date "2020.08.15"]
[Round "2.2"]
[White "Huang, Patrick"]
[Black "Cheng, Clement"]
[Result "1-0"]
[WhiteElo "2147"]
[BlackElo "1503"]
[PlyCount "31"]
[EventDate "2020.08.15"]
[EventType "swiss (rapid)"]
[EventRounds "8"]
[EventCountry "CAN"]

1. d4 Nf6 2. Bf4 d6 3. Nc3 g6 4. e4 Bg7 5. Qd2 h5 6. O-O-O Nc6 7. Nge2 Bd7 8.
f3 e5 9. dxe5 Nxe5 10. Nd4 a6 11. Bg5 Be6 12. f4 Ned7 13. f5 gxf5 14. exf5 Bd5
15. Nxd5 Ne4 16. Re1 {Time.} 1-0

[Event "British Columbia-ch Active (online)"]
[Site "chess.com"]
[Date "2020.08.15"]
[Round "2.3"]
[White "Xu, Andrew"]
[Black "Hemstapat, Andrew"]
[Result "0-1"]
[WhiteElo "1492"]
[BlackElo "2145"]
[PlyCount "69"]
[EventDate "2020.08.15"]
[EventType "swiss (rapid)"]
[EventRounds "8"]
[EventCountry "CAN"]

1. e4 e6 2. d4 d5 3. Nd2 c5 4. exd5 Qxd5 5. Ndf3 cxd4 6. Qxd4 Qxd4 7. Nxd4 a6
8. Ngf3 Nf6 9. Bd3 Bd6 10. O-O Bd7 11. Bg5 h6 12. Bh4 Nc6 13. Rfe1 O-O-O 14.
Nb3 Nb4 15. a3 Nxd3 16. cxd3 Bc6 17. Rac1 Kb8 18. Nfd4 Bd5 19. Nd2 g5 20. Bg3
Bxg3 21. fxg3 Bxg2 22. Kxg2 Rxd4 23. Rc3 Rhd8 24. Rf1 Nd5 25. Rxf7 Nxc3 26.
bxc3 Rxd3 27. Ne4 Re3 28. Nc5 Rxc3 29. Nxe6 Rd2+ 30. Kh3 Rc4 31. Rf8+ Ka7 32.
g4 Rd3+ 33. Rf3 Rxf3+ 34. Kg2 Rxa3 35. Nf4 0-1

[Event "British Columbia-ch Active (online)"]
[Site "chess.com"]
[Date "2020.08.15"]
[Round "2.4"]
[White "Williamson, Jason"]
[Black "Zuo, Roger"]
[Result "1-0"]
[WhiteElo "2028"]
[BlackElo "1499"]
[PlyCount "97"]
[EventDate "2020.08.15"]
[EventType "swiss (rapid)"]
[EventRounds "8"]
[EventCountry "CAN"]

1. e4 e5 2. Nf3 Nf6 3. Nc3 Bb4 4. Bc4 d6 5. O-O Bg4 6. h3 Bh5 7. Nd5 Nxd5 8.
Bxd5 c6 9. Bb3 O-O 10. c3 Ba5 11. d4 exd4 12. cxd4 h6 13. g4 Bg6 14. e5 d5 15.
Bd2 Bb6 16. Bc2 Be4 17. Bc3 f5 18. exf6 Qxf6 19. Bxe4 dxe4 20. Ne5 Bc7 21. Qb3+
Kh8 22. Qxb7 Bxe5 23. dxe5 Qf7 24. Qxf7 Rxf7 25. Rae1 Na6 26. Rxe4 Re8 27. f4
Nc5 28. Rc4 Nd3 29. Rf3 Rd8 30. e6 Re7 31. f5 Kg8 32. Bd4 c5 33. Rxd3 cxd4 34.
Rcxd4 Rxd4 35. Rxd4 Kf8 36. b4 Rc7 37. a4 Rc1+ 38. Kg2 Rc2+ 39. Kg3 Rc3+ 40.
Kf4 Rxh3 41. Rd8+ Ke7 42. Rd7+ Ke8 43. Rxg7 Rb3 44. Rb7 a5 45. b5 Rb4+ 46. Ke5
Rxa4 47. f6 Kd8 48. Rd7+ Kc8 49. f7 1-0